000 00996nam a2200253Ia 4500
003 OSt
005 20221002050307.0
006 a|||||r|||| 00| 0
007 ta
008 220930b |||||||| |||| 00| 0 hin d
020 _a9789380146430 (hbk)
_cINR 465.00
024 _a42584
037 _bIN-2305, 14/03/2019, Kitab Ghar Prakashan
_cReference Collections
040 _aCRL
_cCRL
_bhin
041 _2hin
_ahin
082 _aP152:4k, 591P9(RR)
100 _aके. सीताराम, संपा.
245 0 _aहिन्दी - तुर्की शब्दकोश
260 _aनयी
_bदिल्ली किताबघर प्रकाशन
_c2009
300 _a516पृ0
_ccm.
650 _aहिन्दी - तुर्की शब्दकोश
_9556908
942 _hP152:4k, 591P9(RR)
_cref
_2CC
999 _c914319
_d914319